Pluft, el fantasmita (Registro nro. 4385)
[ vista simple ]
| 000 -CABECERA | |
|---|---|
| Longitud fija campo de control | 00914nam a2200277Ia 4500 |
| 005 - • FECHA Y HORA DE LA ÚLTIMA TRANSACCIÓN | |
| Fecha y hora de la última transacción | 20220317000546.0 |
| 008 - • CÓDIGOS DE INFORMACIÓN DE LONGITUD FIJA | |
| Códigos de información de longitud fija | 160601s2005 sp a g 000 0 spa |
| 020 ## - • NÚMERO INTERNACIONAL NORMALIZADO PARA LIBROS | |
| Número Internacional Normalizado para Libros (ISBN) | 842417707X |
| 040 ## - FUENTE DE LA CATALOGACIÓN | |
| Centro catalogador de origen | CO-BoRNBP |
| Lengua de catalogación | spa |
| Normas de descripción | rda |
| Centro transcriptor | CO-BoRNBP |
| 084 ## - • Clasificación Local Alfanúmerica PNLB | |
| Número de clasificación | T MAC8 |
| 100 1# - • PUNTO DE ACCESO PRINCIPAL-NOMBRE DE PERSONA | |
| Nombre de persona | Machado, María Clara |
| 245 10 - • TITULO PROPIAMENTE DICHO | |
| Título | Pluft, el fantasmita |
| Mención de responsabilidad, etc. | María Clara Machado ; ilustraciones por Tesa González |
| 250 ## - • MENCIÓN DE EDICIÓN | |
| Mención de edición | 4a. edición |
| 264 ## - PRODUCCIÓN, PUBLICACIÓN , DISTRIBUCIÓN, FABRICACIÓN Y COPYRIGHT | |
| Lugar de producción, publicación, distribución, fabricación | León |
| Nombre del productor, editor, distribuidor, fabricante | Everest |
| Fecha de de producción, publicación, distribución, fabricación o copyright | 2005 |
| 300 ## - • DESCRIPCIÓN FÍSICA | |
| Extensión | 77 páginas |
| Otras características físicas | ilustraciones |
| Dimensiones | 21 cm |
| 336 ## - TIPO DE CONTENIDO | |
| Término de tipo de contenido | texto |
| Código de tipo de contenido | txt |
| Fuente | rdacontent |
| 337 ## - TIPO DE MEDIO | |
| Nombre del tipo de medio | sin mediación |
| Código del tipo de medio | n |
| Fuente | rdamedia |
| 338 ## - TIPO DE SOPORTE | |
| Nombre del tipo de soporte | volumen |
| Código del tipo de soporte | nc |
| Fuente | rdacarrier |
| 650 14 - • PUNTO DE ACCESO ADICIONAL DE MATERIA - TÉRMINO DE MATERIA | |
| Fuente del encabezamiento o término | LEMB |
| Término de materia o nombre geográfico como elemento inicial | Teatro infantil |
| 650 14 - • PUNTO DE ACCESO ADICIONAL DE MATERIA - TÉRMINO DE MATERIA | |
| Fuente del encabezamiento o término | LEMB |
| Término de materia o nombre geográfico como elemento inicial | Literatura infantil |
| 650 14 - • PUNTO DE ACCESO ADICIONAL DE MATERIA - TÉRMINO DE MATERIA | |
| Fuente del encabezamiento o término | LEMB |
| Término de materia o nombre geográfico como elemento inicial | Fantasmas en la literatura |
| 650 14 - • PUNTO DE ACCESO ADICIONAL DE MATERIA - TÉRMINO DE MATERIA | |
| Fuente del encabezamiento o término | LEMB |
| Término de materia o nombre geográfico como elemento inicial | Tesoros en la literatura |
| 650 14 - • PUNTO DE ACCESO ADICIONAL DE MATERIA - TÉRMINO DE MATERIA | |
| Fuente del encabezamiento o término | LEMB |
| Término de materia o nombre geográfico como elemento inicial | Piratas en la literatura |
| 700 1# - • PUNTO DE ACCESO ADICIONAL - NOMBRE DE PERSONA | |
| Nombre de persona | González, Tesa |
| Término indicativo de función | ilustrador |
| 942 ## - ENTRADA DE ELEMENTOS AGREGADOS (KOHA) | |
| Fuente de clasificaión o esquema | |
| Koha [por defecto] tipo de item | Libro Literatura |
| Perdido | Fuente de clasificación o esquema | Estado Físico | No para préstamo | Forma de adquisición | Localización permanente | Localización actual | Localización en estanterías | Fecha adquisición | Signatura completa | Código de barras | Fecha última consulta | Número de copia | Fecha del precio de reemplazo | Tipo de item de Koha | Préstamos totales |
|---|---|---|---|---|---|---|---|---|---|---|---|---|---|---|---|
| Dewey Decimal Classification | Infantil | Biblioteca Pública Cubarral | Biblioteca Pública Cubarral | Sala Infantil | 07/19/2023 | T MAC8 | CUB00341 | 07/19/2023 | Ej.1 | 07/19/2023 | Libro Literatura | ||||
| Dewey Decimal Classification | Colección General | Biblioteca Pública Puerto Lleras | Biblioteca Pública Puerto Lleras | Literatura | 09/28/2023 | T MAC8 | PLL00717 | 09/28/2023 | Ej.1 | 09/28/2023 | Libro Infantil | ||||
| Dewey Decimal Classification | Infantil | Biblioteca Pública San Carlos de Guaroa - Eduardo Carranza | Biblioteca Pública San Carlos de Guaroa - Eduardo Carranza | Sala Infantil | 06/29/2023 | T MAC8 | SG00774 | 06/29/2023 | Ej.1 | 06/29/2023 | Libro Literatura | ||||
| Dewey Decimal Classification | Infantil | Biblioteca Pública Acacias - Carlos María Hernández Rojas | Biblioteca Pública Acacias - Carlos María Hernández Rojas | Sala Infantil | 05/24/2023 | T MAC8 | ACA19413 | 05/24/2023 | Ej.1 | 05/24/2023 | Libro Literatura | ||||
| Dewey Decimal Classification | Infantil | Biblioteca Pública Guamal | Biblioteca Pública Guamal | Sala Infantil | 02/14/2023 | T MAC8 | GUA001254 | 02/14/2023 | Ej.1 | 02/14/2023 | Libro Infantil | ||||
| Dewey Decimal Classification | Infantil | Biblioteca Pública Mapiripan | Biblioteca Pública Mapiripan | Sala Infantil | 01/23/2024 | T MAC8 | MAP00003205 | 01/23/2024 | Ej.1 | 01/23/2024 | Libro Literatura | ||||
| Dewey Decimal Classification | Infantil | Biblioteca Pública Puerto Rico | Biblioteca Pública Puerto Rico | Sala Infantil | 12/09/2022 | T MAC8 | PR000001205 | 12/09/2022 | Ej.1 | 12/09/2022 | Libro Literatura |